[Event "East Lansing (Beg/5/6)"]
[Site "?"]
[Date "1995.??.??"]
[Round "?"]
[White "Choate, Dan"]
[Black "Clark, D."]
[Result "1-0"]
[WhiteElo "1605"]
[BlackElo "1605"]
[PlyCount "101"]
[EventDate "1995.??.??"]

{5/(6)} 1. e4 e5 2. Nf3 Nc6 3. d4 d6 4. d5 Nb4 5. a3 Na6 6. Bb5+ Bd7 7. Bxa6
bxa6 8. O-O Nf6 9. Nc3 c6 10. Bg5 Be7 11. Bxf6 Bxf6 12. Qd3 cxd5 13. Qxa6 d4
14. Nd5 O-O 15. Qxd6 Bg4 16. Qxd8 Bxd8 17. Nxe5 Be2 18. Rfe1 Bb5 19. Rad1 Ba5
20. b4 Rfe8 21. f4 Rad8 22. bxa5 f6 23. Nf3 f5 24. Rxd4 Bc6 25. c4 Bb7 26. exf5
Rxe1+ 27. Nxe1 Re8 28. Kf2 Kf7 29. Nc2 Rc8 30. Re4 Bxd5 31. cxd5 Rxc2+ 32. Re2
Rc5 33. d6 Rd5 34. Re7+ Kf6 35. Rxa7 Rxd6 36. g4 Rd2+ 37. Kg1 Rd1+ 38. Kg2 Rd2+
39. Kh1 Rd1+ 40. Kg2 Rd2+ 41. Kh3 g5 42. Ra6+ Kg7 43. fxg5 Rd3+ 44. Kh4 Rxa3
45. Ra7+ Kf8 46. Rxh7 Rxa5 47. f6 Kg8 48. g6 Ra8 49. f7+ Kf8 50. Rh8+ Kg7 51.
Rxa8 1-0

[Event "Troy (TCC Beg/5/6)"]
[Site "?"]
[Date "1995.??.??"]
[Round "?"]
[White "Chia, L."]
[Black "Young, L."]
[Result "1-0"]
[WhiteElo "1605"]
[BlackElo "1605"]
[PlyCount "35"]
[EventDate "1995.??.??"]

{5/(6)} 1. e4 c6 2. e5 d5 3. d4 Bf5 4. Bd3 Qd7 5. Qf3 Bxd3 6. Qxd3 e6 7. Nf3
Be7 8. O-O f6 9. Re1 Qc7 10. exf6 Nxf6 11. Rxe6 Nbd7 12. Qf5 c5 13. Bf4 g6 14.
Qg5 Qd8 15. Bd6 Ne4 16. Rxe7+ Kf8 17. Qf4+ Kg8 18. Qf7# 1-0

[Event "Troy (US Am N/6/35)"]
[Site "?"]
[Date "1995.??.??"]
[Round "?"]
[White "Chia, L."]
[Black "Munsell, T."]
[Result "0-1"]
[WhiteElo "1605"]
[BlackElo "1605"]
[PlyCount "44"]
[EventDate "1995.??.??"]

{6/(35)} 1. e4 c5 2. Nf3 Nc6 3. d4 cxd4 4. Nxd4 e5 5. Nf3 Nf6 6. Nc3 Bc5 7. Bg5
Qb6 8. Bh4 Qxb2 9. Nd5 Bb4+ 10. Nxb4 Qxb4+ 11. Nd2 Nxe4 12. Bd3 Nxd2 13. Qxd2
Qxh4 14. Qe2 Qb4+ 15. Kf1 Qb2 16. Re1 Qxa2 17. f4 d6 18. Bb5 O-O 19. Bxc6 bxc6
20. fxe5 Ba6 21. Qd3 Bxd3+ 22. cxd3 Rae8 0-1

[Event "Troy (US Am N/4/39)"]
[Site "?"]
[Date "1995.??.??"]
[Round "?"]
[White "Chia, L."]
[Black "Juntunen, Michael"]
[Result "0-1"]
[WhiteElo "1605"]
[BlackElo "1605"]
[PlyCount "62"]
[EventDate "1995.??.??"]

{4/(39)} 1. e4 e5 2. Nf3 Nf6 3. Nc3 Nc6 4. Bc4 Be7 5. O-O O-O 6. d3 d6 7. Be3
Ng4 8. Qe2 Kh8 9. Bd2 f5 10. Nd5 f4 11. Bc3 Nf6 12. h3 Nxd5 13. Bxd5 Rf6 14.
Kh2 Rh6 15. Rh1 Bg4 16. Kg1 Bh5 17. Bd2 Nd4 18. Qd1 Rg6 19. Kf1 Nxf3 20. gxf3
c6 21. Bb3 Bh4 22. Rg1 Rxg1+ 23. Kxg1 Qg5+ 24. Kf1 Bxf2 25. Kxf2 Qg3+ 26. Kf1
Bxf3 27. Qxf3 Qxf3+ 28. Kg1 Rf8 29. Re1 Rf6 30. Kh2 Rg6 31. Rg1 Qf2+ 0-1

[Event "Troy (TCC Beg/3/3)"]
[Site "?"]
[Date "1995.??.??"]
[Round "?"]
[White "Chia, L."]
[Black "Fuson, R."]
[Result "1/2-1/2"]
[WhiteElo "1605"]
[BlackElo "1605"]
[PlyCount "88"]
[EventDate "1995.??.??"]

{3/(3)} 1. e4 e5 2. Nf3 Nc6 3. Bc4 Bc5 4. O-O Nf6 5. d3 O-O 6. Nbd2 d6 7. h3
Be6 8. c3 d5 9. Bb3 h6 10. Bc2 Qd7 11. Qe2 Nh5 12. exd5 Nf4 13. Qe1 Qxd5 14.
Qe4 Qxe4 15. Nxe4 Ne2+ 16. Kh2 Bb6 17. Be3 f5 18. Ned2 Bxe3 19. fxe3 f4 20.
exf4 Nxf4 21. Ne4 b6 22. a3 Bf5 23. Rae1 Bxe4 24. Rxe4 Rae8 25. Rfe1 g5 26.
Nxe5 Nxe5 27. Rxe5 Rxe5 28. Rxe5 Kg7 29. g3 Ng6 30. Re2 Kf6 31. Rf2+ Ke7 32.
Rxf8 Nxf8 33. g4 c5 34. b4 cxb4 35. cxb4 Ne6 36. Kg3 Nd4 37. Bd1 Ke6 38. Kf2
Ke5 39. a4 a5 40. bxa5 bxa5 41. Ke3 Ne6 42. Bf3 Nf4 43. d4+ Kd6 44. h4 Nd5+
1/2-1/2

[Event "Troy (US Am N/2/20)"]
[Site "?"]
[Date "1995.??.??"]
[Round "?"]
[White "Chia, L."]
[Black "Aldrich, Jeff"]
[Result "0-1"]
[WhiteElo "1605"]
[BlackElo "1900"]
[PlyCount "76"]
[EventDate "1995.??.??"]

{2/(20)} 1. e4 c6 2. d4 d5 3. e5 Bf5 4. Bd3 Bxd3 5. Qxd3 e6 6. Nf3 Ne7 7. Bg5
Qb6 8. Qc3 Nf5 9. a3 c5 10. Be3 Na6 11. O-O Be7 12. b3 O-O 13. Qd2 cxd4 14.
Nxd4 Nxe3 15. fxe3 Nc5 16. Nc3 Rac8 17. b4 Nd7 18. Nf3 Qc7 19. Nb5 Qb8 20. Rac1
a6 21. Nc3 Nxe5 22. Ne2 Nc4 23. Qd3 e5 24. Nd2 Qa7 25. Nxc4 dxc4 26. Qe4 Bg5
27. Rf3 f6 28. Ng3 Rfd8 29. Nf5 b5 30. h4 c3 31. Rh3 Rc4 32. Qf3 Rf4 33. Qg3
Rxf5 34. hxg5 Rxg5 35. Qf3 Rd2 36. Rh2 f5 37. g3 f4 38. Rxd2 Rxg3+ 0-1

[Event "East Lansing (MI Op/1a/13)"]
[Site "?"]
[Date "1995.??.??"]
[Round "?"]
[White "Chehayeb, Sal"]
[Black "Zacks, Naum"]
[Result "1-0"]
[WhiteElo "2055"]
[BlackElo "1855"]
[PlyCount "65"]
[EventDate "1995.??.??"]

1. e4 d6 2. d4 g6 3. f4 Nf6 4. Bd3 Bg7 5. Nf3 O-O 6. O-O c6 7. Kh1 Na6 8. Be3
Nb4 9. Nc3 Nxd3 10. cxd3 b5 11. e5 Nd5 12. Nxd5 cxd5 13. Qb3 a5 14. Qxb5 Ba6
15. Qxd5 Bxd3 16. Rfc1 h6 17. Rc3 Bf5 18. Qb3 Kh7 19. Bf2 Qd7 20. Rac1 Be4 21.
Rc7 Qg4 22. Qe3 d5 23. Rxe7 Rab8 24. b3 a4 25. Bg3 axb3 26. axb3 Ra8 27. Nd2
Rfc8 28. Re1 Ra2 29. Nxe4 dxe4 30. Qxe4 Rcc2 31. Qf3 Qf5 32. Qb7 Re2 33. Rxf7
1-0

[Event "East Lansing (MI Op/3/7)"]
[Site "?"]
[Date "1995.??.??"]
[Round "?"]
[White "Chehayeb, Sal"]
[Black "Rajlich, Vasik"]
[Result "0-1"]
[WhiteElo "2055"]
[BlackElo "2255"]
[PlyCount "62"]
[EventDate "1995.??.??"]

{3/(7)} 1. e4 c5 2. Nf3 d6 3. d4 cxd4 4. Nxd4 Nf6 5. Nc3 a6 6. Be2 e5 7. Nb3
Be7 8. O-O O-O 9. f4 Nbd7 10. a4 b6 11. Be3 Bb7 12. Bf3 Rc8 13. Qe1 Re8 14. Rd1
Qc7 15. Qg3 Bf8 16. f5 Qb8 17. Qf2 b5 18. axb5 axb5 19. g4 b4 20. Nd5 Bxd5 21.
exd5 e4 22. g5 exf3 23. gxf6 Nxf6 24. Nd4 Ng4 25. Qxf3 Nxe3 26. f6 Nxf1 27.
Rxf1 Qa7 28. c3 bxc3 29. bxc3 Qc5 30. fxg7 Bxg7 31. Qg4 Kh8 0-1

[Event "Troy (TCC/3/3)"]
[Site "?"]
[Date "1995.??.??"]
[Round "?"]
[White "Chehayeb, Sal"]
[Black "Rajlich, Vasik"]
[Result "1-0"]
[WhiteElo "2030"]
[BlackElo "2220"]
[PlyCount "93"]
[EventDate "1995.??.??"]

{3/(3)} 1. e4 c5 2. Nf3 d6 3. d4 cxd4 4. Nxd4 Nf6 5. Nc3 a6 6. Be2 e5 7. Nb3
Be7 8. a4 O-O 9. O-O b6 10. f4 Nbd7 11. Be3 Bb7 12. Bf3 Rc8 13. Qe2 exf4 14.
Bxf4 Ne5 15. Rad1 Nxf3+ 16. gxf3 Nh5 17. Be3 Bf6 18. Nd4 Re8 19. Nf5 Bxc3 20.
Rxd6 Qc7 21. bxc3 Re6 22. Rfd1 Bc6 23. Qxa6 Rxd6 24. Rxd6 Ra8 25. Bxb6 Qxd6 26.
Qxa8+ Bxa8 27. Nxd6 Nf4 28. Bd4 g6 29. a5 Kf8 30. a6 Ne6 31. a7 Bc6 32. Nc4 Ke7
33. Nb6 Nc7 34. Kf2 Na8 35. Nd5+ Kd6 36. c4 h5 37. Ke3 Bd7 38. Bb6 Kc6 39. c5
Kb7 40. Kd4 Ba4 41. c3 g5 42. Nf6 Bd1 43. Nxh5 Bxf3 44. Nf6 g4 45. Kd5 Bg2 46.
Kd6 Bf3 47. Ke7 1-0

[Event "Eastpointe (MCO/6/9)"]
[Site "?"]
[Date "1995.??.??"]
[Round "?"]
[White "Chehayeb, Sal"]
[Black "Moody, David"]
[Result "0-1"]
[WhiteElo "2055"]
[BlackElo "2000"]
[PlyCount "106"]
[EventDate "1995.??.??"]

{6/(9)} 1. e4 e5 2. Nf3 Nc6 3. Bc4 Nf6 4. Ng5 d5 5. exd5 Na5 6. Bb5+ c6 7. dxc6
bxc6 8. Qf3 Rb8 9. Bxc6+ Nxc6 10. Qxc6+ Nd7 11. d3 Be7 12. Ne4 Rb6 13. Qa4 O-O
14. O-O f5 15. Qc4+ Kh8 16. Ng3 Bb7 17. a3 Qa8 18. f3 Bd5 19. Qc3 Bc5+ 20. Kh1
Bd4 21. Qd2 f4 22. Ne4 Bxe4 23. dxe4 Nc5 24. Nc3 Rh6 25. h3 Qc8 26. Kh2 Rff6
27. Nd5 Rxh3+ 28. gxh3 Rh6 29. Qg2 Rg6 30. Qxg6 hxg6 31. c3 Nb3 32. Rb1 Qc4 33.
Bxf4 exf4 34. cxd4 Nd2 35. Rbc1 Qe2+ 36. Kg1 Nxf3+ 37. Rxf3 Qxf3 38. Rc8+ Kh7
39. Rc7 Qg3+ 40. Kf1 Qxh3+ 41. Ke2 Qg2+ 42. Kd3 f3 43. Nf6+ Kh6 44. Ng8+ Kh5
45. Rxg7 f2 46. Rh7+ Kg5 47. Rf7 f1=Q+ 48. Rxf1 Qxf1+ 49. Kc3 Qf8 50. d5 Qxg8
51. Kd4 Kf4 52. e5 Qh8 53. Kc5 Qxe5 0-1

[Event "Eastpointe (MCO/2/21)"]
[Site "?"]
[Date "1995.??.??"]
[Round "?"]
[White "Chehayeb, Sal"]
[Black "Lubben, Don"]
[Result "1-0"]
[WhiteElo "2055"]
[BlackElo "1860"]
[PlyCount "73"]
[EventDate "1995.??.??"]

{2/(21)} 1. e4 e6 2. d4 d5 3. Nc3 Bb4 4. a3 Bxc3+ 5. bxc3 dxe4 6. Qg4 Nf6 7.
Qxg7 Rg8 8. Qh6 Rg6 9. Qd2 c5 10. Ne2 Nc6 11. Bb2 b6 12. Ng3 Bb7 13. O-O-O Qd5
14. c4 Qd6 15. d5 exd5 16. cxd5 Ne7 17. Bb5+ Kf8 18. c4 a6 19. Ba4 b5 20. cxb5
axb5 21. Bxb5 Qxd5 22. Qf4 Qe6 23. Qc7 Bd5 24. Ne2 Rc8 25. Qa7 Ra8 26. Qc7 Rc8
27. Qa5 Qf5 28. Ng3 Qxf2 29. Rhf1 Qe3+ 30. Kb1 Ng4 31. Nf5 Nxf5 32. Rxd5 Nd4
33. Rxc5 Rb8 34. Qc7 Qb3 35. Qxb8+ Kg7 36. Rxf7+ Kh6 37. Qf8+ 1-0

[Event "Eastpointe (MCO/3/10)"]
[Site "?"]
[Date "1995.??.??"]
[Round "?"]
[White "Chehayeb, Sal"]
[Black "Lou, M."]
[Result "0-1"]
[WhiteElo "2055"]
[BlackElo "2255"]
[PlyCount "82"]
[EventDate "1995.??.??"]

{3/(10)} 1. e4 c6 2. d4 d5 3. e5 Bf5 4. Bd3 Bxd3 5. Qxd3 e6 6. Ne2 Qa5+ 7. c3
Qa6 8. Qxa6 Nxa6 9. Nd2 Ne7 10. O-O h5 11. b4 h4 12. a4 Nc7 13. Nb3 Nf5 14. Bd2
Be7 15. Rfb1 b6 16. b5 cxb5 17. axb5 Nxb5 18. Bc1 Nc7 19. Ba3 Bxa3 20. Rxa3 O-O
21. Rba1 Nb5 22. Ra6 Rfc8 23. Nbc1 Nxc3 24. Rxa7 Rxa7 25. Rxa7 Nxe2+ 26. Nxe2
Nxd4 27. Kf1 Nxe2 28. Kxe2 Rc4 29. f3 Rc2+ 30. Kf1 b5 31. Rb7 Rb2 32. f4 b4 33.
h3 g6 34. Rb8+ Kg7 35. Rb7 b3 36. Rb5 Rb1+ 37. Kf2 b2 38. Rb7 d4 39. Rb3 d3 40.
f5 gxf5 41. Rxd3 Rc1 0-1

[Event "Troy (TCC/1/7)"]
[Site "?"]
[Date "1995.??.??"]
[Round "?"]
[White "Chehayeb, Sal"]
[Black "Grossman, Jay"]
[Result "1/2-1/2"]
[WhiteElo "2030"]
[BlackElo "1905"]
[PlyCount "37"]
[EventDate "1995.??.??"]

{1/(7)} 1. e4 c5 2. Nf3 Nc6 3. d4 cxd4 4. Nxd4 Nf6 5. Nc3 e6 6. g3 Bb4 7. Bg2
d5 8. Nxc6 bxc6 9. exd5 cxd5 10. Bd2 Ba6 11. Ne2 Bc5 12. b4 Bb6 13. a4 Bc4 14.
a5 Bc7 15. O-O O-O 16. Re1 Qd7 17. Bg5 Bd8 18. Nd4 Be7 19. c3 1/2-1/2

[Event "East Lansing (MI Op/7/5)"]
[Site "?"]
[Date "1995.??.??"]
[Round "?"]
[White "Chehayeb, Sal"]
[Black "Finegold, Ron"]
[Result "1-0"]
[WhiteElo "2055"]
[BlackElo "2230"]
[PlyCount "39"]
[EventDate "1995.??.??"]

{7/(5)} 1. e4 e6 2. d4 d5 3. exd5 exd5 4. c4 Nf6 5. Nc3 Be7 6. Nf3 O-O 7. cxd5
Nxd5 8. Be2 Bf5 9. a3 c5 10. Nxd5 Qxd5 11. O-O Bf6 12. dxc5 Qxc5 13. Qb3 Qe7
14. Re1 Be6 15. Bc4 Bxc4 16. Qxc4 Qd7 17. Qb3 Nc6 18. Bd2 Rfd8 19. Rad1 Qd5 20.
Re8+ 1-0

[Event "East Lansing (MI Op/5/17)"]
[Site "?"]
[Date "1995.??.??"]
[Round "?"]
[White "Chehayeb, Sal"]
[Black "Comstock, Ron"]
[Result "1-0"]
[WhiteElo "2055"]
[BlackElo "1880"]
[PlyCount "79"]
[EventDate "1995.??.??"]

{5/(17)} 1. e4 e6 2. d4 d5 3. Nc3 Bb4 4. a3 Bxc3+ 5. bxc3 dxe4 6. Qg4 Ne7 7.
Qxg7 Rg8 8. Qxh7 Qd5 9. Ne2 Nd7 10. Ng3 Nf6 11. Qh4 Qa5 12. Bd2 Rg6 13. Nxe4
Nxe4 14. Qxe4 Rb8 15. c4 Qa4 16. Be2 b6 17. Bb4 Bb7 18. d5 c5 19. Qe5 Ra8 20.
Bc3 exd5 21. cxd5 Bxd5 22. O-O-O Re6 23. Qh8+ Kd7 24. Qh5 Qf4+ 25. Kb1 Kc6 26.
Rhe1 Rg8 27. a4 Qxa4 28. Qxf7 Rxe2 29. Qf6+ Kb7 30. Rxe2 Qb5+ 31. Kc1 Qxe2 32.
Re1 Qh5 33. Rxe7+ Ka6 34. Bd2 Qxh2 35. g3 Qh1+ 36. Be1 Be4 37. Qa1+ Kb5 38. Qc3
Rf8 39. Qb3+ Kc6 40. Qe6+ 1-0

[Event "Lansing (Mini-Swiss.2/2)"]
[Site "?"]
[Date "1995.??.??"]
[Round "?"]
[White "Charette, K."]
[Black "Venia, Mike"]
[Result "1/2-1/2"]
[WhiteElo "1605"]
[BlackElo "1605"]
[PlyCount "65"]
[EventDate "1995.??.??"]

{2/(2)} 1. d4 Nf6 2. Bg5 e6 3. Nf3 Be7 4. e3 O-O 5. Bd3 d5 6. O-O Nbd7 7. Nbd2
c5 8. c3 cxd4 9. cxd4 b6 10. e4 dxe4 11. Nxe4 Bb7 12. Bxf6 Nxf6 13. Re1 Nxe4
14. Bxe4 Bxe4 15. Rxe4 Rc8 16. Rc1 Qd5 17. Rxc8 Rxc8 18. Qb1 Qc4 19. b3 Qc1+
20. Re1 Qxb1 21. Rxb1 Rc2 22. a4 Kf8 23. Ne1 Rc6 24. Kf1 Ke8 25. Ke2 Kd7 26.
Nd3 f6 27. Rc1 Rxc1 28. Nxc1 Kd6 29. Kd3 Kd5 30. f3 Bd6 31. h3 Bb4 32. Na2 Bd6
33. Nc3+ 1/2-1/2

[Event "East Lansing (MOR/2/51)"]
[Site "?"]
[Date "1995.??.??"]
[Round "?"]
[White "Charette, K."]
[Black "Montgomery, D."]
[Result "1-0"]
[WhiteElo "1605"]
[BlackElo "1605"]
[PlyCount "51"]
[EventDate "1995.??.??"]

{2/(51)} 1. d4 e6 2. Nf3 d5 3. c3 Nc6 4. Bg5 Nf6 5. e3 Be7 6. Bd3 h6 7. Bh4 Qd6
8. Bg3 Qd7 9. O-O b6 10. Nbd2 Bb7 11. e4 O-O 12. e5 Ng4 13. Re1 Bg5 14. Nxg5
hxg5 15. Qxg4 Qe7 16. Qh3 g6 17. f4 f5 18. exf6 Rxf6 19. fxg5 Rf7 20. Rxe6 Qxg5
21. Rxg6+ Rg7 22. Rxg5 Rxg5 23. Qh7+ Kf8 24. Rf1+ Ke8 25. Bg6+ Kd8 26. Rf8# 1-0

[Event "East Lansing (Class DE/2/1)"]
[Site "?"]
[Date "1995.??.??"]
[Round "?"]
[White "Charette, K."]
[Black "Lane, T."]
[Result "0-1"]
[WhiteElo "1605"]
[BlackElo "1605"]
[PlyCount "84"]
[EventDate "1995.??.??"]

{2/(1)} 1. d4 Nf6 2. Nc3 d5 3. e4 dxe4 4. f3 e6 5. fxe4 Bb4 6. Bg5 h6 7. Bxf6
Bxc3+ 8. bxc3 Qxf6 9. Nf3 O-O 10. Bd3 c6 11. O-O Qe7 12. c4 Na6 13. c3 Nc7 14.
Bc2 Rd8 15. Qd3 f6 16. e5 f5 17. Rad1 Bd7 18. d5 cxd5 19. cxd5 Nxd5 20. Bb3
Rac8 21. c4 Qc5+ 22. Kh1 Ne3 23. Rd2 Nxf1 24. Qxf1 Bc6 25. Rxd8+ Rxd8 26. Nh4
Qxe5 27. c5 Bd5 28. Ng6 Qf6 29. Bxd5 Rxd5 30. Nf4 Rxc5 31. h3 e5 32. Nd3 Rd5
33. Nb4 Rd7 34. Qc4+ Qf7 35. Qc8+ Kh7 36. Qc2 e4 37. g4 fxg4 38. Qxe4+ g6 39.
hxg4 Qf1+ 40. Kh2 Rd2+ 41. Kg3 Qg1+ 42. Kf3 Qf2# 0-1

[Event "East Lansing (Class DE/1/18)"]
[Site "?"]
[Date "1995.??.??"]
[Round "?"]
[White "Charette, K."]
[Black "Kenworthy, Mark"]
[Result "1-0"]
[WhiteElo "1605"]
[BlackElo "1605"]
[PlyCount "131"]
[EventDate "1995.??.??"]

{1/(18)} 1. d4 Nf6 2. Nc3 d5 3. Bg5 e6 4. e4 Be7 5. e5 Ne4 6. Bxe7 Qxe7 7. Nxe4
dxe4 8. c3 O-O 9. f3 exf3 10. Nxf3 Nc6 11. Bd3 b6 12. O-O Bb7 13. Qe1 Na5 14.
Qg3 Bxf3 15. Qxf3 c5 16. Be4 Rad8 17. Rad1 Nc4 18. b3 Na5 19. d5 exd5 20. Bxd5
Rd7 21. e6 Rd6 22. exf7+ Kh8 23. Rfe1 Qd7 24. Be6 Rxd1 25. Qxd1 Qxd1 26. Rxd1
g6 27. Rd7 Nc6 28. Kf2 Kg7 29. Bd5 Ne5 30. Rxa7 Nd3+ 31. Ke3 Ne1 32. Kd2 Rd8
33. Kxe1 Rxd5 34. f8=Q+ Kxf8 35. Rxh7 Re5+ 36. Kd2 Rd5+ 37. Kc2 Rg5 38. g3 Rf5
39. b4 c4 40. Rd7 Rf2+ 41. Rd2 Rf1 42. Rd6 Rf2+ 43. Rd2 Rf1 44. Kb2 Ke7 45. a4
Rf5 46. g4 Rg5 47. h3 Ke6 48. Rd4 b5 49. axb5 Rxb5 50. Rxc4 Kd5 51. Rc5+ Rxc5
52. bxc5 Kxc5 53. h4 Kd5 54. h5 gxh5 55. gxh5 Ke6 56. c4 Kf5 57. c5 Kg5 58. c6
Kh6 59. c7 Kh7 60. c8=Q Kh6 61. Qg8 Kxh5 62. Kc3 Kh6 63. Kd4 Kh5 64. Ke4 Kh6
65. Kf5 Kh5 66. Qg5# 1-0

[Event "East Lansing (Class DE/4/5)"]
[Site "?"]
[Date "1995.??.??"]
[Round "?"]
[White "Charette, K."]
[Black "Harrison, T."]
[Result "0-1"]
[WhiteElo "1605"]
[BlackElo "1605"]
[PlyCount "142"]
[EventDate "1995.??.??"]

{4/(5)} 1. d4 f5 2. Nc3 Nf6 3. Bg5 e6 4. f3 Be7 5. e4 fxe4 6. fxe4 O-O 7. Nf3
Ng4 8. h3 Bxg5 9. hxg4 Qf6 10. Qd3 Qf4 11. Nxg5 Qxg5 12. Be2 b6 13. d5 Ba6 14.
Qd2 Qxd2+ 15. Kxd2 Rf2 16. Rhg1 exd5 17. exd5 d6 18. Rae1 Bxe2 19. Rxe2 Rxe2+
20. Kxe2 Nd7 21. Nb5 Ne5 22. Kd2 Rc8 23. Rf1 a6 24. Na7 Ra8 25. Nc6 Nxc6 26.
dxc6 Re8 27. Kd3 Re6 28. Rf5 Rg6 29. g5 d5 30. Rxd5 Rxc6 31. b4 Kf7 32. b5 axb5
33. Rxb5 Rd6+ 34. Ke3 Ke6 35. c4 Rd1 36. a4 Ra1 37. Rb4 Kf5 38. a5 Ra3+ 39. Kd4
Rxa5 40. Rb5+ c5+ 41. Kd5 Rxb5 42. cxb5 Kxg5 43. Ke4 Kg4 44. Kd5 Kg3 45. Ke4
Kxg2 46. Kf5 h5 47. Kg5 g6 48. Kxg6 h4 49. Kf6 c4 50. Ke5 c3 51. Kd6 c2 52. Kc6
c1=Q+ 53. Kxb6 Qc8 54. Ka7 h3 55. b6 Qc5 56. Ka6 Qxb6+ 57. Kxb6 h2 58. Kc5 h1=Q
59. Kd4 Qh5 60. Ke4 Kg3 61. Ke3 Qf5 62. Kd4 Kf4 63. Kc4 Qe5 64. Kd3 Qe4+ 65.
Kc3 Ke3 66. Kb3 Qd4 67. Kc2 Qd3+ 68. Kb2 Kd2 69. Ka2 Qb5 70. Ka3 Kc3 71. Ka2
Qb2# 0-1

[Event "East Lansing (MOR/4/26)"]
[Site "?"]
[Date "1995.??.??"]
[Round "?"]
[White "Charette, K."]
[Black "Foord, Allan"]
[Result "1-0"]
[WhiteElo "1605"]
[BlackElo "1630"]
[PlyCount "175"]
[EventDate "1995.??.??"]

{4/(26)} 1. d4 Nf6 2. Nf3 g6 3. Bg5 Bg7 4. e3 d5 5. Bd3 O-O 6. O-O Re8 7. c3
Nbd7 8. Nbd2 e5 9. e4 exd4 10. cxd4 dxe4 11. Nxe4 b6 12. Re1 Bb7 13. Ned2 Rxe1+
14. Qxe1 Qe8 15. Bc4 Ne4 16. Be3 h6 17. Qe2 Qe7 18. Qd3 Nd6 19. b3 c5 20. Re1
cxd4 21. Bxd4 Qf8 22. Bxg7 Kxg7 23. Qd4+ Nf6 24. Bd3 Rd8 25. Qb4 Nc8 26. Qxf8+
Kxf8 27. Be4 Nxe4 28. Nxe4 Re8 29. Ned2 Rxe1+ 30. Nxe1 Nd6 31. Nd3 Ne4 32. Nxe4
Bxe4 33. Nf4 Ke7 34. f3 Bb1 35. a3 Bc2 36. b4 Kd6 37. Kf2 Kc6 38. Ke2 Kb5 39.
Kd2 Bb3 40. Kc3 Ka4 41. Kb2 Bc4 42. g3 g5 43. Ng2 Bd5 44. Ne1 f5 45. f4 Be4 46.
Nc2 Bxc2 47. Kxc2 Kxa3 48. fxg5 hxg5 49. h4 f4 50. gxf4 g4 51. f5 g3 52. f6 g2
53. f7 g1=Q 54. f8=Q Qh2+ 55. Kd3 Qg3+ 56. Ke2 Qxh4 57. Qf3+ Kxb4 58. Qf8+ Kb3
59. Qf3+ Kb4 60. Qf8+ Ka5 61. Qa3+ Qa4 62. Qc3+ Ka6 63. Qc8+ Ka5 64. Qc3+ Qb4
65. Qa1+ Kb5 66. Qe5+ Qc5 67. Qb2+ Kc6 68. Qf6+ Qd6 69. Qf3+ Qd5 70. Qf6+ Kb7
71. Qe7+ Ka6 72. Qa3+ Qa5 73. Qc1 b5 74. Qc6+ Qb6 75. Qc8+ Ka5 76. Qc3+ b4 77.
Qa1+ Kb5 78. Qe5+ Qc5 79. Qe8+ Qc6 80. Qb8+ Qb6 81. Qe5+ Qc5 82. Qe8+ Kc4 83.
Qe4+ Qd4 84. Qc2+ Qc3 85. Qa2+ b3 86. Qxa7 Qc2+ 87. Ke3 Kc3 88. Qd4# 1-0

[Event "East Lansing (MOR/7/23)"]
[Site "?"]
[Date "1995.??.??"]
[Round "?"]
[White "Charette, K."]
[Black "Carroll, R."]
[Result "1-0"]
[WhiteElo "1605"]
[BlackElo "1605"]
[PlyCount "61"]
[EventDate "1995.??.??"]

{7/(23)} 1. d4 Nf6 2. Nf3 e6 3. Bg5 Bb4+ 4. c3 Be7 5. e3 h6 6. Bh4 b6 7. Bd3
Bb7 8. Nbd2 d6 9. O-O Nbd7 10. Re1 e5 11. dxe5 Nxe5 12. Nxe5 dxe5 13. Bc2 g5
14. Bg3 e4 15. Be5 Qd5 16. Bxf6 Bxf6 17. Bxe4 Qe5 18. Bxb7 Rd8 19. Qa4+ Kf8 20.
Nf3 Qc5 21. Qc6 Qxc6 22. Bxc6 g4 23. Nd4 h5 24. Rad1 h4 25. Nb5 Kg7 26. g3 hxg3
27. hxg3 Rh6 28. Rxd8 Bxd8 29. Bd7 Rd6 30. Nxd6 cxd6 31. Bxg4 1-0

[Event "Lansing (Mini-Swiss.3/2)"]
[Site "?"]
[Date "1995.??.??"]
[Round "?"]
[White "Charette, B."]
[Black "Venia, A."]
[Result "1-0"]
[WhiteElo "1605"]
[BlackElo "1605"]
[PlyCount "109"]
[EventDate "1995.??.??"]

{3/(2)} 1. d4 Nf6 2. Nf3 g6 3. e3 d5 4. Bd3 Bg7 5. O-O O-O 6. Nbd2 Bg4 7. c3
Nbd7 8. e4 dxe4 9. Nxe4 Nxe4 10. Bxe4 c6 11. Qd3 Nf6 12. h3 Be6 13. Bg5 Nxe4
14. Qxe4 Qd7 15. Ne5 Bxe5 16. dxe5 f6 17. exf6 exf6 18. Bh6 Rfe8 19. Qf4 Qf7
20. Rfe1 Rad8 21. Qe3 a5 22. Bf4 Bxa2 23. Qb6 Rxe1+ 24. Rxe1 Qd7 25. Qxa5 Bd5
26. Rd1 Qe7 27. c4 g5 28. Bc1 Re8 29. cxd5 cxd5 30. Qxd5+ Kg7 31. b3 Qe2 32.
Ba3 Re5 33. Qd7+ Kg6 34. Qd3+ Qxd3 35. Rxd3 Re1+ 36. Kh2 Rf1 37. f3 f5 38. Rd7
b5 39. Rb7 h5 40. Rxb5 g4 41. hxg4 hxg4 42. Rb6+ Kg5 43. Bd6 gxf3 44. Be7+ Kg4
45. Rg6+ Kf4 46. Bd6+ Ke4 47. Kg3 Ke3 48. Bc5+ Ke2 49. Re6+ Kd3 50. gxf3 Rb1
51. b4 Kc4 52. Kf4 Rf1 53. Rf6 Rb1 54. Rxf5 Rb3 55. Kg4 1-0

[Event "East Lansing (Beg/4/4)"]
[Site "?"]
[Date "1995.??.??"]
[Round "?"]
[White "Charette, B."]
[Black "Strimpel, D."]
[Result "1-0"]
[WhiteElo "1605"]
[BlackElo "1605"]
[PlyCount "93"]
[EventDate "1995.??.??"]

{4/(4)} 1. d4 d5 2. e3 Nf6 3. Nf3 Nc6 4. Bb5 Bd7 5. O-O e6 6. Nbd2 Qe7 7. Re1
O-O-O 8. e4 Qb4 9. Bd3 Nxd4 10. c3 Ba4 11. cxb4 Bxd1 12. Nxd4 Bg4 13. e5 Nd7
14. h3 Bh5 15. N4f3 Bxb4 16. Be2 Nc5 17. Ng5 Bg6 18. a3 Bxd2 19. Bxd2 Bd3 20.
Bxd3 Nxd3 21. Re3 Nxb2 22. Nxf7 Nc4 23. Re2 Rhf8 24. Nxd8 Rxd8 25. Bg5 Rf8 26.
g4 h6 27. Bd2 Nxd2 28. Rxd2 Rf3 29. Kg2 Rf4 30. a4 Re4 31. a5 Rxe5 32. f4 Re4
33. Kf3 b6 34. axb6 axb6 35. Rc2 Rc4 36. Rxc4 dxc4 37. Ke3 b5 38. Ra8+ Kb7 39.
Rg8 Kc6 40. Rxg7 Kc5 41. f5 exf5 42. gxf5 c3 43. Rxc7+ Kb4 44. Kd3 h5 45. f6
Kb3 46. Rxc3+ Kb2 47. f7 1-0

[Event "East Lansing (MOR/3/29)"]
[Site "?"]
[Date "1995.??.??"]
[Round "?"]
[White "Charette, B."]
[Black "Nikitin, Mike"]
[Result "1/2-1/2"]
[WhiteElo "1605"]
[BlackElo "1605"]
[PlyCount "92"]
[EventDate "1995.??.??"]

{3/(29)} 1. d4 Nf6 2. Nf3 d5 3. e3 g6 4. Bd3 Bg7 5. O-O Nc6 6. Nbd2 b6 7. e4
dxe4 8. Nxe4 Bb7 9. c3 e6 10. Bg5 h6 11. Bxf6 Bxf6 12. Qa4 O-O 13. Nxf6+ Qxf6
14. Be4 Nd8 15. Bxb7 Nxb7 16. Qc6 Na5 17. Qxc7 Rfc8 18. Qe5 Qe7 19. d5 Nc4 20.
Qe2 b5 21. dxe6 Qxe6 22. Qxe6 fxe6 23. Nd4 e5 24. Nxb5 Nxb2 25. Rfe1 a6 26. Nd6
Rc6 27. Ne4 Re8 28. Rab1 Na4 29. c4 Nc5 30. Nxc5 Rxc5 31. Rb6 Kg7 32. Rxa6 Rxc4
33. g3 Kf7 34. a4 Rc2 35. Ra1 e4 36. a5 e3 37. fxe3 Rxe3 38. Rb6 Ree2 39. a6
Rxh2 40. Rb7+ Kf6 41. a7 Rcg2+ 42. Kf1 Rf2+ 43. Ke1 Rfg2 44. Rb6+ Ke5 45. Rb5+
Kd4 46. Rb4+ Kc3 1/2-1/2

[Event "East Lansing (MOR/5/37)"]
[Site "?"]
[Date "1995.??.??"]
[Round "?"]
[White "Charette, B."]
[Black "Mahabir, Jagdesh"]
[Result "0-1"]
[WhiteElo "1605"]
[BlackElo "1605"]
[PlyCount "52"]
[EventDate "1995.??.??"]

{5/(37)} 1. d4 d6 2. Nf3 Nf6 3. e3 g6 4. Bd3 Bg7 5. O-O O-O 6. e4 Nbd7 7. Re1
e5 8. Bg5 exd4 9. Nxd4 Ne5 10. h3 Be6 11. f4 Nxd3 12. cxd3 Qc8 13. Bxf6 Bxf6
14. e5 Bg7 15. Nc3 Qd8 16. Nxe6 fxe6 17. g3 dxe5 18. fxe5 Qd4+ 19. Kh1 Bxe5 20.
Qb3 Qd6 21. Nb5 Qc6+ 22. Kg1 Bxg3 23. Rxe6 Bh2+ 24. Kxh2 Rf2+ 25. Kg3 Qg2+ 26.
Kh4 Rf4# 0-1

[Event "East Lansing (MOR/1b/18)"]
[Site "?"]
[Date "1995.??.??"]
[Round "?"]
[White "Charette, B."]
[Black "Kane, Paul"]
[Result "0-1"]
[WhiteElo "1605"]
[BlackElo "1605"]
[PlyCount "110"]
[EventDate "1995.??.??"]

1. d4 d5 2. Nf3 c6 3. e3 Bf5 4. Bd3 Bxd3 5. cxd3 Nf6 6. O-O e6 7. Nbd2 c5 8.
dxc5 Bxc5 9. Qa4+ Nbd7 10. e4 dxe4 11. Nxe4 Nxe4 12. Qxe4 Qb6 13. d4 Bd6 14. d5
Nc5 15. Qd4 O-O 16. dxe6 Nxe6 17. Qxb6 axb6 18. Rd1 Rfd8 19. Be3 Bc5 20. Rxd8+
Rxd8 21. Re1 h6 22. a3 Ng5 23. Nxg5 Bxe3 24. fxe3 hxg5 25. Kf2 f6 26. g4 Kf7
27. e4 g6 28. e5 f5 29. gxf5 gxf5 30. Kg3 Rd3+ 31. Kf2 Ke6 32. h4 g4 33. Re3
Rxe3 34. Kxe3 Kxe5 35. h5 f4+ 36. Kf2 Kf5 37. h6 Kg6 38. h7 Kxh7 39. b4 Kh6 40.
a4 Kh5 41. a5 bxa5 42. bxa5 Kh4 43. Kg2 f3+ 44. Kh2 g3+ 45. Kh1 Kh3 46. Kg1 g2
47. Kf2 Kh2 48. Kxf3 g1=Q 49. Ke4 Qc5 50. Kf4 Qe7 51. Kf5 Kg3 52. a6 bxa6 53.
Kg6 Kg4 54. Kh6 Kf5 55. Kh5 Qg5# 0-1